| 000 | 00351nam a2200133Ia 4500 | ||
|---|---|---|---|
| 008 | 230312s9999||||xx |||||||||||||| ||und|| | ||
| 082 |
_a629.132 _bSAB-D |
||
| 100 | _aSaba;A | ||
| 245 | 0 | _aDigital Principles and Logic Design | |
| 260 |
_bInfinity Science Press _aUS _c2007 |
||
| 300 | _a492 | ||
| 650 |
_aAviation _vEngineering/Technology |
||
| 942 | _cBK | ||
| 999 |
_c13019 _d13019 |
||